000 00390nam a22001457a 4500
082 _a621.6
_bKRI
_cL-23, P-6
100 _aKristal, Frank A.
_941793
245 _aPUMPS
_cFrank A. Kristal
250 _aFirst
260 _aNew York & London
_bMc Graw Hill Book Company
_c1940
300 _axv, 339.p:
526 _a0
_b0
_c0
_d621_600000000000000_KRI
650 _aMCE
_9379
942 _2ddc
_cBK
999 _c545889
_d545889